000 00299nam a22001337a 4500
020 _a978-93-5027-147-6
082 _a510
_bAGG/M
100 _aR.SAGGARWAL
245 _aXI MATHEMATICS
260 _aBHARATI BHAVAN
_bR.S.AGGARWAL
_c2022
300 _a1150
520 _aPROBLEM SOLUTIONS
942 _cBK
999 _c6827
_d6827